[Event "Portugal Open Semirrapidas"]
[Site "Lisboa POR"]
[Date "2020.02.02"]
[Round "7.27"]
[White "VINAGRE, Pedro"]
[Black "SANTOS, Jose Guilherme"]
[Result "0-1"]
[BlackElo "2135"]
[WhiteElo "1800"]
[LiveChessVersion "1.4.8"]

1. e4 {[%clk 0:12:11]} c5 {[%clk 0:15:09]} 2. c3 {[%clk 0:12:12]} Nf6
{[%clk 0:14:12]} 3. e5 {[%clk 0:12:09]} Nd5 {[%clk 0:14:15]} 4. d4
{[%clk 0:12:08]} cxd4 {[%clk 0:14:19]} 5. Nf3 {[%clk 0:12:09]} Nc6
{[%clk 0:14:17]} 6. Bc4 {[%clk 0:12:11]} e6 {[%clk 0:14:13]} 7. cxd4
{[%clk 0:11:25]} Bb4+ {[%clk 0:13:54]} 8. Bd2 {[%clk 0:11:23]} Qb6
{[%clk 0:13:43]} 9. Bxd5 {[%clk 0:10:21]} exd5 {[%clk 0:13:46]} 10. Bxb4
{[%clk 0:10:13]} Qxb4+ {[%clk 0:13:39]} 11. Qd2 {[%clk 0:10:13]} d6
{[%clk 0:13:43]} 12. Nc3 {[%clk 0:10:08]} dxe5 {[%clk 0:13:33]} 13. Nxd5
{[%clk 0:09:33]} Qxd2+ {[%clk 0:13:33]} 14. Kxd2 {[%clk 0:09:25]} O-O
{[%clk 0:13:35]} 15. Nxe5 {[%clk 0:06:15]} Nxe5 {[%clk 0:12:19]} 16. Ne7+
{[%clk 0:06:13]} Kh8 {[%clk 0:12:23]} 17. dxe5 {[%clk 0:05:53]} Be6
{[%clk 0:12:26]} 18. Rac1 {[%clk 0:05:45]} Rad8+ {[%clk 0:10:28]} 19. Ke3
{[%clk 0:05:25]} Rfe8 {[%clk 0:09:40]} 20. Rc7 {[%clk 0:05:01]} Rd7
{[%clk 0:09:01]} 21. Rxd7 {[%clk 0:04:28]} Bxd7 {[%clk 0:09:04]} 22. Nd5
{[%clk 0:04:27]} Rxe5+ {[%clk 0:08:11]} 23. Kd4 {[%clk 0:04:30]} Re2
{[%clk 0:08:14]} 24. Nf4 {[%clk 0:02:43]} Rxb2 {[%clk 0:07:19]} 25. Kc3
{[%clk 0:02:38]} Rxf2 {[%clk 0:02:07]} 26. Rd1 {[%clk 0:02:36]} Rxf4
{[%clk 0:02:11]} 27. Rxd7 {[%clk 0:02:30]} h5 {[%clk 0:02:16]} 28. Rxb7
{[%clk 0:02:21]} a6 {[%clk 0:02:07]} 29. a3 {[%clk 0:01:02]} h4 {[%clk 0:01:40]}
30. Kd3 {[%clk 0:00:38]} Ra4 {[%clk 0:00:31]} 31. Rb3 {[%clk 0:00:41]} Kh7
{[%clk 0:00:32]} 32. Ke3 {[%clk 0:00:40]} Kg6 {[%clk 0:00:30]} 33. Kf3
{[%clk 0:00:43]} Kg5 {[%clk 0:00:33]} 34. g3 {[%clk 0:00:32]} h3 {[%clk 0:00:37]}
35. Rc3 {[%clk 0:00:31]} f5 {[%clk 0:00:36]} 36. Rd3 {[%clk 0:00:17]} Kf6
{[%clk 0:00:37]} 37. Re3 {[%clk 0:00:11]} g5 {[%clk 0:00:40]} 38. Rc3
{[%clk 0:00:11]} Ke5 {[%clk 0:00:42]} 39. Rc5+ {[%clk 0:00:12]} Ke6
{[%clk 0:00:43]} 40. Rc6+ {[%clk 0:00:17]} Kd5 {[%clk 0:00:47]} 41. Rc3
{[%clk 0:00:21]} Kd4 {[%clk 0:00:43]} 42. Rb3 {[%clk 0:00:20]} Ke5
{[%clk 0:00:41]} 43. Re3+ {[%clk 0:00:23]} Kd5 {[%clk 0:00:43]} 44. Rd3+
{[%clk 0:00:26]} Rd4 {[%clk 0:00:47]} 45. Rb3 {[%clk 0:00:27]} g4+
{[%clk 0:00:51]} 46. Ke3 {[%clk 0:00:30]} Ra4 {[%clk 0:00:55]} 47. Rd3+
{[%clk 0:00:31]} Kc5 {[%clk 0:00:24]} 48. Rc3+ {[%clk 0:00:18]} Kb5
{[%clk 0:00:27]} 49. Rd3 {[%clk 0:00:16]} Re4+ {[%clk 0:00:29]} 50. Kf2
{[%clk 0:00:13]} Ka4 {[%clk 0:00:31]} 51. Rd6 {[%clk 0:00:10]} a5
{[%clk 0:00:30]} 52. Rd5 {[%clk 0:00:14]} f4 {[%clk 0:00:34]} 53. gxf4
{[%clk 0:00:17]} Rxf4+ {[%clk 0:00:38]} 54. Kg1 {[%clk 0:00:20]} Rf3
{[%clk 0:00:17]} 55. Rd4+ {[%clk 0:00:23]} Kxa3 {[%clk 0:00:21]} 56. Rxg4
{[%clk 0:00:27]} a4 {[%clk 0:00:25]} 57. Rg8 {[%clk 0:00:27]} Kb2
{[%clk 0:00:27]} 58. Rb8+ {[%clk 0:00:29]} Rb3 {[%clk 0:00:31]} 59. Ra8
{[%clk 0:00:27]} a3 {[%clk 0:00:34]} 0-1

[Event "Portugal Open Semirrapidas"]
[Site "Lisboa POR"]
[Date "2020.02.02"]
[Round "7.28"]
[White "SANTOS, António P"]
[Black "GUIA, Artur"]
[Result "1/2-1/2"]
[BlackElo "1861"]
[WhiteElo "2116"]
[LiveChessVersion "1.4.8"]

1. d4 {[%clk 0:15:06]} Nf6 {[%clk 0:15:06]} 2. c4 {[%clk 0:15:10]} e6
{[%clk 0:15:09]} 3. Nf3 {[%clk 0:15:14]} d5 {[%clk 0:15:12]} 4. Nc3
{[%clk 0:15:18]} Nbd7 {[%clk 0:14:59]} 5. Bg5 {[%clk 0:15:20]} c6
{[%clk 0:15:02]} 6. e3 {[%clk 0:15:24]} Qa5 {[%clk 0:15:04]} 7. cxd5
{[%clk 0:15:24]} Nxd5 {[%clk 0:15:00]} 8. Qd2 {[%clk 0:15:28]} N7b6
{[%clk 0:14:54]} 9. Bd3 {[%clk 0:15:19]} Nxc3 {[%clk 0:14:47]} 10. bxc3
{[%clk 0:15:21]} Nd5 {[%clk 0:14:50]} 11. O-O {[%clk 0:14:52]} Qxc3
{[%clk 0:14:36]} 12. Qe2 {[%clk 0:12:38]} Be7 {[%clk 0:14:11]} 13. Bxe7
{[%clk 0:12:01]} Nxe7 {[%clk 0:14:11]} 14. Rfc1 {[%clk 0:11:59]} Qa5
{[%clk 0:14:12]} 15. Rc5 {[%clk 0:11:48]} Qc7 {[%clk 0:14:02]} 16. Rh5
{[%clk 0:11:46]} g6 {[%clk 0:13:07]} 17. Re5 {[%clk 0:10:52]} O-O
{[%clk 0:12:48]} 18. h4 {[%clk 0:10:52]} h5 {[%clk 0:12:36]} 19. Rc5
{[%clk 0:07:15]} b6 {[%clk 0:12:35]} 20. Rc2 {[%clk 0:07:19]} Bb7
{[%clk 0:12:37]} 21. Ne5 {[%clk 0:07:21]} c5 {[%clk 0:11:55]} 22. f4
{[%clk 0:07:11]} Nf5 {[%clk 0:11:23]} 23. Bxf5 {[%clk 0:07:05]} exf5
{[%clk 0:11:26]} 24. dxc5 {[%clk 0:07:08]} bxc5 {[%clk 0:11:27]} 25. Rac1
{[%clk 0:07:11]} Qe7 {[%clk 0:10:34]} 26. Rxc5 {[%clk 0:06:32]} Rac8
{[%clk 0:10:13]} 27. Qb5 {[%clk 0:00:59]} Qxh4 {[%clk 0:09:09]} 28. Qxb7
{[%clk 0:00:27]} Rxc5 {[%clk 0:09:13]} 29. Rxc5 {[%clk 0:00:31]} Qe1+
{[%clk 0:09:17]} 30. Kh2 {[%clk 0:00:35]} Qh4+ {[%clk 0:09:21]} 31. Kg1
{[%clk 0:00:39]} Qe1+ {[%clk 0:09:25]} 32. Kh2 1/2-1/2

[Event "Portugal Open Semirrapidas"]
[Site "Lisboa POR"]
[Date "2020.02.02"]
[Round "7.29"]
[White "CARVALHO, Vitor"]
[Black "HULSHOF, Peter"]
[Result "0-1"]
[BlackElo "2190"]
[WhiteElo "1786"]
[LiveChessVersion "1.4.8"]

1. e4 {[%clk 0:15:07]} g6 {[%clk 0:13:51]} 2. d4 {[%clk 0:15:07]} Bg7
{[%clk 0:13:54]} 3. Nc3 {[%clk 0:15:09]} c6 {[%clk 0:13:56]} 4. f4
{[%clk 0:15:07]} d5 {[%clk 0:13:59]} 5. e5 {[%clk 0:14:58]} Nh6 {[%clk 0:14:02]}
6. Nf3 {[%clk 0:14:57]} f6 {[%clk 0:14:03]} 7. Bd3 {[%clk 0:14:20]} O-O
{[%clk 0:14:03]} 8. O-O {[%clk 0:14:17]} Bf5 {[%clk 0:13:46]} 9. Kh1
{[%clk 0:13:59]} Bg4 {[%clk 0:13:26]} 10. Qe1 {[%clk 0:13:31]} Na6
{[%clk 0:12:16]} 11. a3 {[%clk 0:12:50]} Nc7 {[%clk 0:11:08]} 12. Qh4
{[%clk 0:12:50]} Bxf3 {[%clk 0:10:16]} 13. Rxf3 {[%clk 0:12:50]} fxe5
{[%clk 0:10:11]} 14. dxe5 {[%clk 0:12:44]} e6 {[%clk 0:10:02]} 15. Qh3
{[%clk 0:11:22]} Nf5 {[%clk 0:10:04]} 16. Ne2 {[%clk 0:11:15]} c5
{[%clk 0:09:53]} 17. b4 {[%clk 0:11:06]} Nh4 {[%clk 0:09:27]} 18. Rf2
{[%clk 0:10:22]} c4 {[%clk 0:09:21]} 19. Nd4 {[%clk 0:09:34]} cxd3
{[%clk 0:09:09]} 20. Nxe6 {[%clk 0:09:29]} Nxe6 {[%clk 0:09:13]} 21. Qxe6+
{[%clk 0:09:30]} Kh8 {[%clk 0:08:53]} 22. cxd3 {[%clk 0:09:24]} Nf5
{[%clk 0:08:57]} 23. g4 {[%clk 0:08:59]} Re8 {[%clk 0:09:01]} 0-1

[Event "Portugal Open Semirrapidas"]
[Site "Lisboa POR"]
[Date "2020.02.02"]
[Round "7.30"]
[White "VASLI, Aref"]
[Black "PIPIRAS, Filipa Fortuna"]
[Result "1-0"]
[BlackElo "1911"]
[WhiteElo "2202"]
[LiveChessVersion "1.4.8"]

1. e4 {[%clk 0:15:08]} e5 {[%clk 0:15:01]} 2. Nf3 {[%clk 0:15:12]} Nc6
{[%clk 0:15:04]} 3. Bb5 {[%clk 0:15:15]} a6 {[%clk 0:15:06]} 4. Ba4
{[%clk 0:15:19]} Nf6 {[%clk 0:15:07]} 5. O-O {[%clk 0:15:21]} Be7
{[%clk 0:15:09]} 6. Re1 {[%clk 0:15:24]} b5 {[%clk 0:15:11]} 7. Bb3
{[%clk 0:15:28]} O-O {[%clk 0:15:10]} 8. d3 {[%clk 0:15:31]} d6 {[%clk 0:15:10]}
9. a4 {[%clk 0:15:28]} Bb7 {[%clk 0:14:53]} 10. Nc3 {[%clk 0:15:14]} b4
{[%clk 0:14:39]} 11. Nd5 {[%clk 0:15:16]} Nxd5 {[%clk 0:14:33]} 12. Bxd5
{[%clk 0:15:18]} Na5 {[%clk 0:14:19]} 13. Bxb7 {[%clk 0:15:18]} Nxb7
{[%clk 0:14:20]} 14. d4 {[%clk 0:15:21]} exd4 {[%clk 0:13:41]} 15. Nxd4
{[%clk 0:15:24]} a5 {[%clk 0:12:56]} 16. Nc6 {[%clk 0:14:59]} Qd7
{[%clk 0:12:50]} 17. Qd5 {[%clk 0:15:02]} Nc5 {[%clk 0:11:32]} 18. e5
{[%clk 0:15:04]} dxe5 {[%clk 0:10:30]} 19. Qxd7 {[%clk 0:15:07]} Nxd7
{[%clk 0:10:32]} 20. Nxe7+ {[%clk 0:15:10]} Kh8 {[%clk 0:10:27]} 21. Be3
{[%clk 0:15:13]} Rfe8 {[%clk 0:10:15]} 22. Nd5 {[%clk 0:15:15]} Rac8
{[%clk 0:10:12]} 23. Rad1 {[%clk 0:15:19]} Nf8 {[%clk 0:10:01]} 24. c3
{[%clk 0:15:17]} c5 {[%clk 0:09:49]} 25. Nb6 {[%clk 0:15:16]} Rc6
{[%clk 0:09:49]} 26. Nc4 {[%clk 0:15:16]} Ra6 {[%clk 0:09:37]} 27. Nd6
{[%clk 0:15:01]} Re7 {[%clk 0:09:31]} 28. Bxc5 {[%clk 0:15:04]} bxc3
{[%clk 0:09:18]} 29. bxc3 {[%clk 0:15:07]} Rc6 {[%clk 0:08:34]} 30. Ne4
{[%clk 0:15:05]} Re8 {[%clk 0:08:36]} 31. Bxf8 {[%clk 0:15:08]} Rxf8
{[%clk 0:08:39]} 32. Rd6 {[%clk 0:15:10]} Rc4 {[%clk 0:08:38]} 33. Ng5
{[%clk 0:15:11]} h6 {[%clk 0:08:36]} 34. Rd8 {[%clk 0:15:09]} Rxd8
{[%clk 0:08:35]} 35. Nxf7+ {[%clk 0:15:13]} Kg8 {[%clk 0:08:38]} 36. Nxd8
{[%clk 0:15:15]} Rxa4 {[%clk 0:08:41]} 37. Nc6 {[%clk 0:15:15]} Ra3
{[%clk 0:08:34]} 38. g3 {[%clk 0:15:18]} a4 {[%clk 0:08:33]} 39. Nxe5
{[%clk 0:15:17]} Rxc3 {[%clk 0:08:35]} 40. Re4 {[%clk 0:15:14]} a3
{[%clk 0:08:33]} 41. Ra4 {[%clk 0:15:17]} Kf8 {[%clk 0:08:29]} 42. Ra7
{[%clk 0:15:20]} Kg8 {[%clk 0:08:19]} 43. h4 {[%clk 0:15:23]} Kf8
{[%clk 0:08:14]} 44. h5 {[%clk 0:15:27]} Rb3 {[%clk 0:08:04]} 45. Kg2
{[%clk 0:15:30]} Rc3 {[%clk 0:08:07]} 46. f4 {[%clk 0:15:28]} Rc2+
{[%clk 0:08:09]} 47. Kh3 {[%clk 0:15:31]} a2 {[%clk 0:08:11]} 48. Kg4
{[%clk 0:15:34]} Rg2 {[%clk 0:08:07]} 49. Kf5 {[%clk 0:15:37]} Rb2
{[%clk 0:08:00]} 50. g4 {[%clk 0:15:29]} Kg8 {[%clk 0:07:53]} 51. Ra8+
{[%clk 0:15:32]} Kh7 {[%clk 0:07:56]} 52. g5 {[%clk 0:15:23]} hxg5
{[%clk 0:07:57]} 53. Nf7 {[%clk 0:15:06]} g6+ {[%clk 0:07:12]} 54. hxg6+
{[%clk 0:15:08]} Kg7 {[%clk 0:07:16]} 55. Ra7 {[%clk 0:14:35]} gxf4
{[%clk 0:07:13]} 56. Ng5+ {[%clk 0:14:08]} Kg8 {[%clk 0:07:01]} 57. Kf6
{[%clk 0:14:12]} Rb6+ {[%clk 0:06:55]} 58. Ne6 {[%clk 0:14:15]} Rb8
{[%clk 0:06:44]} 59. Rxa2 {[%clk 0:14:18]} f3 {[%clk 0:06:46]} 60. Rh2
{[%clk 0:13:56]} f2 {[%clk 0:06:04]} 61. Rxf2 {[%clk 0:14:00]} Rb6
{[%clk 0:06:07]} 62. Rc2 {[%clk 0:14:00]} Rb8 {[%clk 0:06:09]} 63. Rh2
{[%clk 0:14:03]} Rb6 {[%clk 0:06:10]} 64. g7 {[%clk 0:13:56]} 1-0

[Event "Portugal Open Semirrapidas"]
[Site "Lisboa POR"]
[Date "2020.02.02"]
[Round "7.31"]
[White "GARCIA DORADO, Alberto"]
[Black "MARQUES, Rui"]
[Result "0-1"]
[BlackElo "1896"]
[WhiteElo "2150"]
[LiveChessVersion "1.4.8"]

1. d4 {[%clk 0:15:06]} Nf6 {[%clk 0:15:09]} 2. c4 {[%clk 0:15:09]} g6
{[%clk 0:15:13]} 3. g3 {[%clk 0:15:10]} Bg7 {[%clk 0:15:12]} 4. Bg2
{[%clk 0:15:14]} d5 {[%clk 0:15:15]} 5. cxd5 {[%clk 0:15:04]} Nxd5
{[%clk 0:15:18]} 6. Nf3 {[%clk 0:15:07]} Nb6 {[%clk 0:15:16]} 7. O-O
{[%clk 0:15:01]} Nc6 {[%clk 0:15:00]} 8. e3 {[%clk 0:15:04]} O-O {[%clk 0:14:58]}
9. Nc3 {[%clk 0:14:34]} Re8 {[%clk 0:14:29]} 10. Nh4 {[%clk 0:14:35]} e5
{[%clk 0:13:41]} 11. d5 {[%clk 0:14:38]} Ne7 {[%clk 0:13:45]} 12. e4
{[%clk 0:14:42]} Bd7 {[%clk 0:13:34]} 13. Qe2 {[%clk 0:14:13]} Nbc8
{[%clk 0:13:34]} 14. f4 {[%clk 0:14:14]} f6 {[%clk 0:13:37]} 15. fxe5
{[%clk 0:14:14]} fxe5 {[%clk 0:13:40]} 16. Bg5 {[%clk 0:14:01]} Nd6
{[%clk 0:13:16]} 17. Qe3 {[%clk 0:13:35]} Nf7 {[%clk 0:13:16]} 18. Bxe7
{[%clk 0:13:07]} Qxe7 {[%clk 0:13:16]} 19. Rf2 {[%clk 0:12:56]} Nd6
{[%clk 0:13:04]} 20. Raf1 {[%clk 0:12:54]} Rf8 {[%clk 0:13:08]} 21. Nf3
{[%clk 0:12:52]} Nc4 {[%clk 0:11:01]} 22. Qd3 {[%clk 0:12:32]} Nd6
{[%clk 0:11:02]} 23. Rc2 {[%clk 0:11:18]} Rae8 {[%clk 0:09:48]} 24. b3
{[%clk 0:11:13]} Rd8 {[%clk 0:08:45]} 25. a4 {[%clk 0:11:04]} a6 {[%clk 0:08:45]}
26. Qe3 {[%clk 0:10:58]} b6 {[%clk 0:08:42]} 27. Qd3 {[%clk 0:10:42]} a5
{[%clk 0:08:45]} 28. Qe3 {[%clk 0:10:24]} Rde8 {[%clk 0:08:31]} 29. Nb1
{[%clk 0:09:37]} Bc8 {[%clk 0:08:31]} 30. Rfc1 {[%clk 0:09:17]} Rf7
{[%clk 0:08:17]} 31. Na3 {[%clk 0:09:14]} Nxe4 {[%clk 0:07:50]} 32. Nb5
{[%clk 0:09:11]} Nc5 {[%clk 0:07:47]} 33. Rxc5 {[%clk 0:08:38]} bxc5
{[%clk 0:07:49]} 34. Rxc5 {[%clk 0:08:42]} Qd8 {[%clk 0:07:23]} 35. Qc1
{[%clk 0:08:33]} e4 {[%clk 0:07:22]} 36. Ng5 {[%clk 0:08:31]} Rfe7
{[%clk 0:06:03]} 37. Nxe4 {[%clk 0:07:56]} Rxe4 {[%clk 0:05:54]} 38. Bxe4
{[%clk 0:07:59]} Rxe4 {[%clk 0:05:57]} 39. Rxc7 {[%clk 0:08:02]} Bh3
{[%clk 0:05:40]} 40. Qc6 {[%clk 0:07:05]} Qf8 {[%clk 0:05:15]} 41. Qc1
{[%clk 0:06:53]} Qf3 {[%clk 0:04:56]} 42. Rc2 {[%clk 0:06:53]} Re2
{[%clk 0:04:47]} 0-1

[Event "Portugal Open Semirrapidas"]
[Site "Lisboa POR"]
[Date "2020.02.02"]
[Round "7.32"]
[White "BAYRAMOV, Zaur"]
[Black "SIMOES, John"]
[Result "1-0"]
[BlackElo "1887"]
[WhiteElo "2146"]
[LiveChessVersion "1.4.8"]

1. e4 {[%clk 0:15:09]} c5 {[%clk 0:15:09]} 2. Nf3 {[%clk 0:15:13]} d6
{[%clk 0:15:13]} 3. c4 {[%clk 0:15:17]} Nf6 {[%clk 0:15:11]} 4. Nc3
{[%clk 0:15:21]} a6 {[%clk 0:15:14]} 5. d4 {[%clk 0:15:25]} cxd4 {[%clk 0:15:16]}
6. Nxd4 {[%clk 0:15:29]} e6 {[%clk 0:15:19]} 7. Be2 {[%clk 0:15:32]} Be7
{[%clk 0:15:23]} 8. Be3 {[%clk 0:15:37]} O-O {[%clk 0:15:26]} 9. O-O
{[%clk 0:15:41]} Qc7 {[%clk 0:15:29]} 10. Rc1 {[%clk 0:15:45]} Nbd7
{[%clk 0:15:32]} 11. Qd2 {[%clk 0:15:45]} b6 {[%clk 0:15:27]} 12. f3
{[%clk 0:15:48]} Bb7 {[%clk 0:15:31]} 13. b3 {[%clk 0:15:43]} Rac8
{[%clk 0:15:32]} 14. Rfd1 {[%clk 0:15:47]} Rfd8 {[%clk 0:15:35]} 15. Bf1
{[%clk 0:15:47]} Nf8 {[%clk 0:15:32]} 16. g3 {[%clk 0:15:45]} Ng6
{[%clk 0:15:34]} 17. Bg2 {[%clk 0:15:45]} Bf8 {[%clk 0:15:04]} 18. Qf2
{[%clk 0:15:38]} Nd7 {[%clk 0:15:03]} 19. f4 {[%clk 0:15:34]} Ne7
{[%clk 0:14:59]} 20. f5 {[%clk 0:15:26]} exf5 {[%clk 0:14:51]} 21. exf5
{[%clk 0:15:29]} Bxg2 {[%clk 0:14:53]} 22. Qxg2 {[%clk 0:15:33]} Nf6
{[%clk 0:14:42]} 23. Bg5 {[%clk 0:15:37]} Nd7 {[%clk 0:14:06]} 24. Bxe7
{[%clk 0:15:39]} Bxe7 {[%clk 0:14:07]} 25. Nd5 {[%clk 0:15:43]} Qc5
{[%clk 0:13:44]} 26. b4 {[%clk 0:15:41]} Qxd5 {[%clk 0:13:04]} 27. cxd5
{[%clk 0:15:40]} Nf6 {[%clk 0:13:06]} 28. Nc6 {[%clk 0:15:43]} Re8
{[%clk 0:13:09]} 29. Nxe7+ {[%clk 0:15:45]} Kf8 {[%clk 0:13:05]} 30. Rxc8
{[%clk 0:15:49]} Kxe7 {[%clk 0:13:06]} 31. Re1+ {[%clk 0:15:52]} Kd7
{[%clk 0:13:09]} 32. Rcxe8 {[%clk 0:15:55]} Nxe8 {[%clk 0:13:12]} 33. Qe2
{[%clk 0:15:59]} Nf6 {[%clk 0:13:11]} 34. Qe7+ {[%clk 0:16:03]} Kc8
{[%clk 0:13:10]} 35. Rc1+ {[%clk 0:16:07]} Kb8 {[%clk 0:13:08]} 36. Qd8+
{[%clk 0:16:10]} 1-0

[Event "Portugal Open Semirrapidas"]
[Site "Lisboa POR"]
[Date "2020.02.02"]
[Round "7.33"]
[White "NOGUEIRA, Nelson"]
[Black "GONCALVES, Samuel"]
[Result "1-0"]
[BlackElo "1883"]
[WhiteElo "2132"]
[LiveChessVersion "1.4.8"]

1. d4 {[%clk 0:14:42]} Nf6 {[%clk 0:15:09]} 2. c4 {[%clk 0:14:46]} e6
{[%clk 0:15:13]} 3. Nf3 {[%clk 0:14:47]} Bb4+ {[%clk 0:15:17]} 4. Bd2
{[%clk 0:14:44]} Be7 {[%clk 0:15:21]} 5. Nc3 {[%clk 0:14:46]} b6 {[%clk 0:15:25]}
6. e4 {[%clk 0:14:48]} Bb7 {[%clk 0:14:52]} 7. Bd3 {[%clk 0:14:44]} d6
{[%clk 0:14:48]} 8. O-O {[%clk 0:14:16]} h6 {[%clk 0:14:46]} 9. Qe2
{[%clk 0:14:14]} c5 {[%clk 0:14:26]} 10. d5 {[%clk 0:14:06]} exd5
{[%clk 0:14:14]} 11. exd5 {[%clk 0:13:52]} O-O {[%clk 0:14:16]} 12. Rfe1
{[%clk 0:13:37]} Re8 {[%clk 0:14:16]} 13. Qf1 {[%clk 0:13:23]} Na6
{[%clk 0:13:55]} 14. h3 {[%clk 0:13:05]} Nc7 {[%clk 0:13:24]} 15. a4
{[%clk 0:13:04]} a6 {[%clk 0:13:24]} 16. b3 {[%clk 0:12:07]} Bf8 {[%clk 0:13:10]}
17. g4 {[%clk 0:11:45]} g5 {[%clk 0:11:32]} 18. Rxe8 {[%clk 0:11:11]} Qxe8
{[%clk 0:11:35]} 19. Re1 {[%clk 0:11:09]} Qd8 {[%clk 0:11:40]} 20. Ne2
{[%clk 0:10:48]} Bg7 {[%clk 0:11:10]} 21. Ng3 {[%clk 0:10:46]} Bc8
{[%clk 0:11:13]} 22. Bf5 {[%clk 0:10:37]} Qf8 {[%clk 0:10:54]} 23. Qd3
{[%clk 0:09:28]} Bxf5 {[%clk 0:10:22]} 24. Nxf5 {[%clk 0:09:26]} Re8
{[%clk 0:10:14]} 25. Bc3 {[%clk 0:07:58]} Rxe1+ {[%clk 0:07:00]} 26. Nxe1
{[%clk 0:07:54]} Qd8 {[%clk 0:06:04]} 27. Nxg7 {[%clk 0:06:34]} Kxg7
{[%clk 0:06:07]} 28. Qf5 {[%clk 0:06:27]} Nce8 {[%clk 0:06:08]} 29. Ng2
{[%clk 0:06:13]} Kf8 {[%clk 0:04:32]} 30. Ne3 {[%clk 0:05:08]} Qe7
{[%clk 0:02:30]} 31. Qc8 {[%clk 0:04:00]} Ne4 {[%clk 0:02:09]} 32. Nf5
{[%clk 0:03:52]} Nxc3 {[%clk 0:01:24]} 33. Nxe7 {[%clk 0:03:52]} Kxe7
{[%clk 0:01:27]} 1-0

[Event "Portugal Open Semirrapidas"]
[Site "Lisboa POR"]
[Date "2020.02.02"]
[Round "7.34"]
[White "SIMOES, Miguel"]
[Black "FIDALGO, Daniel Neves"]
[Result "0-1"]
[BlackElo "2109"]
[WhiteElo "1923"]
[LiveChessVersion "1.4.8"]

1. e4 {[%clk 0:15:09]} e6 {[%clk 0:15:09]} 2. d4 {[%clk 0:15:12]} d5
{[%clk 0:15:12]} 3. Nd2 {[%clk 0:15:11]} Nf6 {[%clk 0:15:15]} 4. e5
{[%clk 0:15:14]} Nfd7 {[%clk 0:15:19]} 5. Bd3 {[%clk 0:15:18]} c5
{[%clk 0:15:23]} 6. c3 {[%clk 0:15:21]} Nc6 {[%clk 0:15:26]} 7. Ne2
{[%clk 0:15:24]} cxd4 {[%clk 0:15:30]} 8. cxd4 {[%clk 0:15:27]} f6
{[%clk 0:15:34]} 9. exf6 {[%clk 0:15:15]} Nxf6 {[%clk 0:15:37]} 10. O-O
{[%clk 0:14:44]} Bd6 {[%clk 0:15:40]} 11. Nf3 {[%clk 0:14:46]} O-O
{[%clk 0:15:42]} 12. Bf4 {[%clk 0:14:24]} Bxf4 {[%clk 0:15:45]} 13. Nxf4
{[%clk 0:14:27]} Ne4 {[%clk 0:15:49]} 14. Ne2 {[%clk 0:14:21]} Rxf3
{[%clk 0:14:54]} 15. gxf3 {[%clk 0:13:58]} Ng5 {[%clk 0:14:57]} 16. Ng3
{[%clk 0:11:55]} Nxd4 {[%clk 0:14:48]} 17. Be2 {[%clk 0:11:20]} e5
{[%clk 0:14:47]} 18. Kh1 {[%clk 0:10:49]} Nh3 {[%clk 0:14:38]} 19. f4
{[%clk 0:10:29]} Nxf4 {[%clk 0:14:40]} 20. Bg4 {[%clk 0:10:17]} Qh4
{[%clk 0:14:43]} 21. Bxc8 {[%clk 0:10:15]} Rxc8 {[%clk 0:14:44]} 22. Rg1
{[%clk 0:05:53]} Rc6 {[%clk 0:14:16]} 23. Rc1 {[%clk 0:05:24]} Nh3
{[%clk 0:10:19]} 24. Rg2 Qf4 {[%clk 0:09:36]} 25. Rxc6 {[%clk 0:04:20]} bxc6
{[%clk 0:09:35]} 26. f3 {[%clk 0:02:54]} Qxf3 {[%clk 0:07:53]} 27. Qxf3
{[%clk 0:02:56]} Nxf3 {[%clk 0:07:57]} 28. Nf5 {[%clk 0:02:50]} g6
{[%clk 0:07:57]} 29. Ne7+ {[%clk 0:02:50]} Kf7 {[%clk 0:08:01]} 30. Nxc6
{[%clk 0:02:54]} e4 {[%clk 0:08:02]} 31. Rg3 {[%clk 0:02:49]} Nf4
{[%clk 0:07:59]} 32. Rxf3 {[%clk 0:02:37]} exf3 {[%clk 0:08:03]} 33. Ne5+
{[%clk 0:02:41]} Kf6 {[%clk 0:08:04]} 34. Nxf3 {[%clk 0:02:44]} Kf5
{[%clk 0:08:05]} 35. Kg1 {[%clk 0:02:36]} Ke4 {[%clk 0:08:01]} 36. Ng5+
{[%clk 0:02:40]} Ke3 {[%clk 0:08:05]} 37. Kf1 {[%clk 0:01:02]} d4
{[%clk 0:08:03]} 38. Ke1 {[%clk 0:00:59]} Nd3+ {[%clk 0:08:00]} 39. Kd1
{[%clk 0:00:52]} Nf2+ {[%clk 0:07:58]} 40. Ke1 {[%clk 0:00:52]} d3
{[%clk 0:08:01]} 41. Nxh7 {[%clk 0:00:06]} d2+ {[%clk 0:08:03]} 42. Kf1
{[%clk 0:00:06]} d1=Q+ {[%clk 0:08:05]} 43. Kg2 {[%clk 0:00:06]} Qf3+
{[%clk 0:08:02]} 0-1

[Event "Portugal Open Semirrapidas"]
[Site "Lisboa POR"]
[Date "2020.02.02"]
[Round "7.35"]
[White "QUINTINO, Luis"]
[Black "EGGERT, Alberto"]
[Result "0-1"]
[BlackElo "2092"]
[WhiteElo "1850"]
[LiveChessVersion "1.4.8"]

1. d4 {[%clk 0:15:09]} Nf6 {[%clk 0:15:09]} 2. Bg5 {[%clk 0:15:13]} e6
{[%clk 0:15:13]} 3. e4 {[%clk 0:15:17]} c5 {[%clk 0:15:18]} 4. e5
{[%clk 0:15:03]} h6 {[%clk 0:15:21]} 5. Bxf6 {[%clk 0:15:04]} gxf6
{[%clk 0:15:17]} 6. c3 {[%clk 0:15:01]} cxd4 {[%clk 0:15:16]} 7. Qh5
{[%clk 0:13:42]} Qa5 {[%clk 0:15:10]} 8. f4 {[%clk 0:13:25]} Nc6 {[%clk 0:14:55]}
9. Nf3 {[%clk 0:13:04]} dxc3 {[%clk 0:13:54]} 10. Nxc3 {[%clk 0:13:05]} Bb4
{[%clk 0:13:43]} 11. Kd2 {[%clk 0:11:32]} d6 {[%clk 0:13:38]} 12. Qg4
{[%clk 0:10:54]} fxe5 {[%clk 0:11:38]} 13. Qg7 {[%clk 0:10:15]} Rf8
{[%clk 0:11:42]} 14. fxe5 {[%clk 0:09:12]} dxe5 {[%clk 0:11:33]} 15. Bc4
{[%clk 0:08:59]} Bxc3+ {[%clk 0:11:13]} 16. bxc3 {[%clk 0:09:03]} b5
{[%clk 0:09:16]} 17. Nxe5 {[%clk 0:08:28]} bxc4 {[%clk 0:07:15]} 18. Nxc6
{[%clk 0:08:28]} Qd5+ {[%clk 0:07:18]} 19. Nd4 {[%clk 0:08:29]} Bb7
{[%clk 0:07:19]} 20. Rhe1 {[%clk 0:04:36]} O-O-O {[%clk 0:07:06]} 21. Kc2
{[%clk 0:03:23]} Qxg2+ {[%clk 0:06:42]} 22. Qxg2 {[%clk 0:03:26]} Bxg2
{[%clk 0:06:45]} 23. Rab1 {[%clk 0:03:19]} Rd5 {[%clk 0:05:42]} 24. Rb4
{[%clk 0:03:18]} Rc5 {[%clk 0:05:02]} 25. Nb5 {[%clk 0:01:59]} Kd7
{[%clk 0:04:22]} 26. Rd1+ {[%clk 0:01:39]} Ke7 {[%clk 0:03:29]} 27. Nd4
{[%clk 0:01:14]} f5 {[%clk 0:02:41]} 28. Rg1 {[%clk 0:01:15]} Be4+
{[%clk 0:02:40]} 29. Kc1 {[%clk 0:01:18]} e5 {[%clk 0:02:26]} 30. Ne2
{[%clk 0:01:00]} f4 {[%clk 0:02:24]} 31. Rf1 {[%clk 0:00:35]} Bd3
{[%clk 0:02:16]} 32. Rf2 {[%clk 0:00:36]} f3 {[%clk 0:01:52]} 33. Ng3
{[%clk 0:00:32]} Rd5 {[%clk 0:01:26]} 34. Kd2 {[%clk 0:00:25]} Be2+
{[%clk 0:00:54]} 35. Ke3 {[%clk 0:00:18]} Rd3+ {[%clk 0:00:53]} 36. Ke4
{[%clk 0:00:18]} Ke6 {[%clk 0:00:39]} 37. Nxe2 {[%clk 0:00:10]} fxe2
{[%clk 0:00:42]} 0-1